Teams That Have Played at One FIFA World Cup - Statistics

General Stats
  • This quiz has been taken 348 times
  • The average score is 10 of 20
Answer Stats
Years Teams % Correct
2022 Qatar
67%
2002 China
65%
1974 DR Congo (as Zaire)
64%
1998 Jamaica
62%
2018 Iceland
61%
2018 Panama
59%
2010 Slovakia
59%
1986 Iraq
54%
2006 Trinidad and Tobago
53%
2014 Bosnia and Herzegovina
52%
1970 Israel
45%
2006 Togo
45%
1938 Cuba
44%
1974 East Germany
43%
1938 Indonesia (as the Dutch East Indies)
41%
2006 Angola
40%
2006 Ukraine
40%
1974 Haiti
35%
1982 Kuwait
35%
1990 United Arab Emirates
33%
No matching quizzes found
Score Distribution
Percent of People with Each Score
Percentile by Number Answered
Your Score History
You have not taken this quiz